000 00723nam a2200181Ia 4500
008 100921s9999 xx 000 0 und d
082 _b9495
_a550 थ 66
100 _aकोगेकर नारायण वासुदेव.
245 _aनिसर्गाचा प्रपंच.
260 _bपॉप्युलर प्रकाशन, मुंबई.
_c1966
300 _a190
_b---
365 _b6
520 _aविज्ञान-भौमिक शास्त्रे.
630 _aनिसर्गाचा प्रपंच.
650 _aविज्ञान-भौमिक शास्त्रे.
730 _aनिसर्गाचा प्रपंच.
942 _cBOOK
999 _c758608
_d758605